000
00287nam a2200121Ia 4500
008
190216s9999||||xx |||||||||||||| ||und||
100
_a
Puran Singh-Rameshchandra Agrawal
245
0
_a
Modern Algebra
250
_a
FIRST
260
_b
Prakasan Kendra
_c
1971
300
_a
92
942
_c
BK
999
_c
30767
_d
30767